My Little Pony Name that Pony quiz - Statistics

General Stats
  • This quiz has been taken 560 times
  • The average score is 8 of 8
Answer Stats
Hint Answer % Correct
Country Blossom who loves Apples AppleJack
98%
Fast as Lightening Rainbow Dash
98%
Very Shy Animal Lover FlutterShy
97%
Fun Loving Pony Pinkie Pie
97%
Beauty is very important to this Pony Rarity
97%
Smart and A Student to the Princess Twilight Sparkle
97%
Princess Of Day Princess Celestia
91%
Princess of Night Princess Luna
91%
No matching quizzes found
Score Distribution
Percent of People with Each Score
Percentile by Number Answered
Your Score History
You have not taken this quiz